000 00581nam a2200157 4500
999 _c1937
_d1937
008 160421b xxu||||| |||| 00| 0 eng d
020 _a9789719357841
082 _22008
_aDFil 174.2
_bF39
100 _96188
_aFernandez, Apolinar Henry T.
245 _aNursing ethics:
_bfor students and practitioners/
_cAmbong Fernandez ; foreword by Patria V. Manalaysay.
260 _aDavao City:
_bMS Lopez Printing & Pub.,
_cc2008.
300 _axv, 181 pages;
_c23 cm.
500 _aIncludes bibliographical references and index.
650 0 _96189
_aNursing ethics
942 _2ddc
_cDFIL